00606nam a22002057a 450000500170000001000130001702000220003003500130005203700160006504000120008108200160009310000210010924500460013026000530017627000500022930000250027950000510030465000240035565000210037920170124105943.0 aA-805961 c00.00a8170247780 aA-805961 bCen Lib/Ret aDPLbEN a338.04bLAL aLalitha Rani, D. aWomen entrepreneurs /cby D. Lalitha Rani aNew DelhibA. P. H. Publishing Corporationc1996 bNew Delhia5, Ansari Road, Darya Ganje110002 axvi, 392p.c22cm(Hb) aIncludes bibliographical references and index  aSelf-employed women aEntrepreneurship